[Event "Werther Schloss op-C 13rd"]
[Site "Werther"]
[Date "2007.03.31"]
[Round "3"]
[White "Arndt, Felix"]
[Black "Bluebaum, Matthias"]
[Result "1/2-1/2"]
[WhiteElo "1618"]
[BlackElo "1747"]
[PlyCount "135"]
[EventDate "2007.03.31"]
[EventType "swiss"]
[EventRounds "5"]
[EventCountry "GER"]
[SourceTitle "EXT 2008"]
[Source "ChessBase"]
[SourceDate "2007.11.25"]
[SourceVersion "1"]
[SourceVersionDate "2007.11.25"]
[SourceQuality "1"]

1. d4 Nf6 2. c4 c5 3. dxc5 e6 4. Bg5 Bxc5 5. e3 0-0 6. Nc3 h6 7. Bh4 Nc6 8. Nf3 Be7 9. Be2 b6 10. 0-0 Bb7 11. Rc1 a6 12. Nd4 Nxd4 13. Qxd4 Qc7 14. Bg3 d6 15. Rfd1 Rad8 16. b3 Bc6 17. b4 Qb7 18. f3 d5 19. a3 dxc4 20. Qxc4 b5 21. Qb3 Rxd1+ 22. Rxd1 Rd8 23. Rxd8+ Bxd8 24. Bf2 Bb6 25. Qd1 Qd7 26. Qxd7 Bxd7 27. e4 Bxf2+ 28. Kxf2 Kf8 29. Ke3 e5 30. g3 Ke7 31. Bd1 Kd6 32. Bb3 Be6 33. Bxe6 Kxe6 34. Kd3 Kd6 35. Kc2 Nd7 36. Nd5 Nb8 37. Kd3 Nc6 38. Ne3 g6 39. Nc2 Na7 40. Ne3 Nc6 41. Nc2 Ke6 42. Ke3 Na7 43. f4 f6 44. Na1 Nc8 45. Nb3 Nb6 46. Na5 Kd6 47. Kd3 Na4 48. Nb7+ Ke6 49. Ke3 Nb2 50. Na5 h5 51. h4 f5 52. fxe5 Kxe5 53. Nc6+ Kf6 54. Nb8 Nc4+ 55. Kf4 Nxa3 56. Nxa6 Nc2 57. Nc7 Nxb4 58. Nxb5 Nd3+ 59. Ke3 Nc5 60. exf5 Kxf5 61. Kf3 Nb3 62. Nd6+ Ke6 63. Nb5 Ke5 64. g4 Nd2+ 65. Kg3 Nf1+ 66. Kh3 Kf4 67. gxh5 gxh5 68. Nc3 1/2-1/2